01269cam a2200301 i 4500001001000000003000900010005001700019007000300036008004100039020001500080040003000095082002500125100004400150245008800194264003000282300002800312336002700340337003300367338002800400500006900428590002700497650007000524910000700594942001400601952014700615952019000762999001500952000006288DO-SdBNP20241022102058.0ta991108s1999 sp 001|0dspa  a8403595433 aDO-SdBNPbspacBNPHUerda a972.85053bR173a2221 aRamírez, Sergio,d1942-eautor91756610aAdiós muchachos :buna memoria de la revolución sandinista /cSergio Ramírez. aMadrid :bAguilar,c1999. a291 páginas ;c24 cm. ardacontentbtexto2txt ardamediabsin mediación2n ardacarrierbvolumen2nc aIncluye datos biográficos del autor en la solapa de la portada aInventariado, 2020/ YL 4aNicaraguaxHistoria, Revolución popular sandinista, 1979986746 aYL 2ddccLBS1 00102ddc51708PDaBNPHUbBNPHUcCTd2009-08-27eCortesía de Alfaguaral0oBNPHU PD 972.85053 R173ap6288-10r2020-06-25w2020-06-25yLBS1 00112ddc51708PDaBNPHUbBNPHUcCTd2017-04-10l0oBNPHU PD 972.85053 R173ap6288-20r2020-06-25te. 2w2020-06-25yLBS1zPertenecio a la biblioteca personal de Emilio Cordero Michel c6083d6083